000 00368nam a2200157Ia 4500
005 20250701164505.0
008 240331s9999 xx 000 0 und d
020 _a9536101608
082 _bTHA
_a613
100 _aThambavita,R
245 0 _aHealth
260 _aPadukka
_bGovernment Printing Corporation
_c2003
300 _a160 p .,
650 _aHealth
942 _cL
999 _c5175
_d5175